000 02495cam a22006494i 4500
003 PE-LiUPU
005 20250731170455.0
008 150706s2009 sp a rb 000 0 spa d
020 _a9788436822496
035 _a(Sirsi) i9788436822496
040 _aPE-LiUPU
_bspa
_cPE-LiUPU
_erda
049 _aPRUA
082 0 4 _a155.67
_bF38
_221
100 1 _aFernández-Ballesteros, Rocío,
_eautor.
245 1 0 _aEnvejecimiento activo :
_bcontribuciones de la psicología /
_cRocío Fernández-Ballesteros ; traducción Juan Padilla Moreno.
264 1 _aMadrid :
_bPirámide,
_c[2009] .
300 _a276 páginas :
_bilustraciones ;
_c23 centímetros.
336 _atext
_2rdacontent
337 _aunmediated
_2rdamedia
338 _avolume
_2rdacarrier
490 0 _aColección "Psicología"
504 _aIncluye referencias bibliografícas.
505 0 _aCuestiones conceptuales -- Un nuevo paradigma en el estudio del envejecimiento de la población: hechos y proyecciones -- Concepto y modelos teóricos -- Componentes conductuales y psicológicos del envejecimiento activo -- Salud conductual y ajuste físico -- Funcionamiento cognitivo -- Funcionamiento emocional-motivacional: afecto, control y "coping" -- Funcionamiento y participación social -- Programas de promoción del envejecimiento activo.
526 _aSEG68
526 _aSEG70
526 _aSEG69
526 _aSEG67
526 _aSEG43
526 _aP144
526 _aP143
526 _aP131
526 _aP122
526 _aP120
526 _aP117
526 _aP112
526 _aP110
526 _aP106
526 _aP101
526 _aP80
526 _aP59
526 _aP54
526 _aP35
526 _aP33
526 _aP30
541 _g045-0004382;
650 0 4 _aPsicología del anciano.
650 0 4 _aEnvejecimiento
_xAspectos psicológicos.
650 0 4 _aGerontología.
700 1 _aLabrador J. Francisco,
_eed.
700 1 _aPadilla Moreno, Juan,
_etr.
910 _agl20121213
942 _2ddc
_cBOOK
949 _a155.67 F38
_wDEWEY
_c1
_i65982
_lCCODEBUL1
_mBUL
_p31.00
_r0
_sY
_tBOOK
_u2015-7-6
_xSALUD
_PP33
_o.STAFF. Colección General
994 _aC0
_bPEPRU
596 _a1
999 _a155.67 F38
_wDEWEY
_c54349
_i65982
_d54349
_e2019-9-19
_f2021-11-3
_g5
_lCCODEBUL1
_mBUL
_n7
_p31.00
_r0
_sY
_tBOOK
_u2015-7-6
_xSALUD
_PP33
_0COMPRA
_o.STAFF. Colección Ciencias de la Salud
980 _81
_gALBERTO SANCHEZ Responsable de Automatización